<The> Debate on Money in Europe

Saved in:
Bibliographic Details
Main Author: Giovannini, Alberto
Format: Book
Language:English
Published: Cambridge The MIT Press 1995
Edition:1. ed.
Subjects:
Tags: Add Tag
No Tags, Be the first to tag this record!

MARC

LEADER 00000nam a2200000 4500
001 c014773
005 20221205132837.9
020 |a 0-262-07168-1 
041 0 |a eng 
044 |a US 
245 1 0 |a <The> Debate on Money in Europe  |c Alberto Giovannini 
250 |a 1. ed. 
264 1 |a Cambridge  |b The MIT Press  |c 1995 
300 |a 373 s. 
610 2 0 |a politika peňažná 
610 2 0 |a kurz devízový 
610 2 0 |a kurz valutový 
610 2 0 |a únie menové 
610 2 0 |a Európa 
100 1 |a Giovannini, Alberto